Flagge der Länder mit mehr als 50 Millionen Menschen - Statistiken

Allgemein
  • Dieses Quiz wurde 376 mal gespielt
    166 seit der letzten Aktualisierung
  • Das Durchschnittsergebnis liegt bei 26 aus 30
Antwortstatistiken
Bildquiz Antwort % Korrekt
China
99%
Deutschland
99%
Italien
99%
Frankreich
97%
Russland
97%
Türkei
97%
Japan
96%
Vereinigtes Königreich
96%
Mexiko
95%
Brasilien
94%
Südkorea
94%
Vereinigte Staaten
94%
Ägypten
93%
Indien
92%
Nigeria
92%
Pakistan
92%
Iran
89%
Südafrika
89%
Indonesien
88%
Thailand
85%
Vietnam
84%
Kenia
80%
Kolumbien
80%
Bangladesch
79%
Philippinen
74%
Äthiopien
70%
Demokratische Republik Kongo
69%
Tansania
67%
Birma
57%
Sudan
55%
Keine übereinstimmenden Quizze gefunden
Verteilung der Resultate
Anzahl Personen mit jedem Resultat
Perzentil nach korrekt beantworteten Fragen
Ihre Resultats-Entwicklung
Sie haben dieses Quiz seit der letzten Aktualisierung nicht gespielt